000 00663nam a22001697a 4500
003 OSt
005 20241119122237.0
008 241119b |||||||| |||| 00| 0 eng d
041 _aEnglish
082 _aPM/CDEF/12 Acc. No. 10,264
110 _aMinistry Of Transport
245 _aConceptual Design And Economic Feasibility For Extention Of Existing Runway And Construction Of A Modern International Airport And Hajj Village
260 _aAccra
_bMinistry Of Transport
_cNovember, 2012
300 _a45p. 22Diag; 9pics; 18Tabs
650 _2Extention Of Existing Runway And Construction Of A Modern International Airport And Hajj Village
942 _2ddc
_cMOU
_n0
999 _c4771
_d4771